Lužianky dejiny obce

Bibliographic Details
Main Author: Keresteš, Peter, 1981- (Author, Compiler)
Other Authors: Vince, Peter (Compiler)
Format: Book
Language:Slovak
PhysicalDescription:286 s. faks., fotogr. (prevažne fareb.), mp., tab. 29 cm
Published: Nitra ENARS 2013
ISBN:9788097061234
Edition:1. vyd.
Series:Pramene
Subjects:

MARC

LEADER 00000nam a2200000 a 4500
001 vtls010550403
003 SK-MaSNL
005 20260301214812.0
008 160610s2013 xo hab f an 000 0 slo
015 |a SNBA2013/10 
020 |a 9788097061234  |q (viaz.) 
035 |a E48765F3-ADB7-4C3F-B81E-9A45208B91DD 
035 |a urn:nbn:sk:snk-amlcf1 
035 |a urn:nbn:sk:snk-am00918d 
040 |a SNK  |b slo  |c SNK  |e AACR2 
041 0 |a slo  |b eng 
043 |a e-xo--- 
044 |a xo  |c SK 
072 7 |a 94(437)  |x Dejiny Česka a Slovenska  |2 konspekt 
080 |a 94(437.6)  |2 2001 
080 |a (048.8)  |2 2001 
100 1 |a Keresteš, Peter,  |d 1981-  |4 aut  |4 com  |9 179593 
245 1 0 |a Lužianky  |b dejiny obce  |c Peter Keresteš ; [zostavili: Peter Keresteš, Peter Vince] 
250 |a 1. vyd. 
260 |a Nitra  |b ENARS  |c 2013 
300 |a 286 s.  |b faks., fotogr. (prevažne fareb.), mp., tab.  |c 29 cm 
366 |e 1000 výt. 
490 1 |a Pramene 
500 |a Vydané pre obecný úrad v Lužiankach 
504 |a Bibliogr.: s. 283-284 
546 |a Res. angl. ; pozn. a vysvetl. 
650 0 7 |a dejiny obcí  |2 SNKPH  |9 164834 
651 7 |a Lužianky (Slovensko)  |2 SNKPHgeo  |9 87515 
651 7 |a Lužianky (Slovakia)  |x history  |2 SNKPHeng  |9 603726 
655 7 |a monografie  |2 SNKPH  |9 70139 
655 7 |a Monographs  |2 SNKPHeng  |9 120675 
700 1 |a Vince, Peter  |4 com  |9 361430 
830 0 |a Pramene  |9 282466 
919 |a 978-80-970612-3-4 
958 |a NB 
999 |c 925962  |d 927892 
952 |a SNK  |b SNK  |y PREZ  |7 0  |p 17A1082379  |o snkSB 85710  |i snk2013/24586  |8 0  |0 0  |1 0  |4 0  |d 2013-10-14  |f 1  |l 0  |r 2025-05-06 00:00:00  |w 2026-02-24 
952 |a SNK  |b SNK  |y VYP  |7 0  |p 17A1082378  |o snkSB 85710 D1  |i snk2013/24588  |8 0  |0 0  |1 0  |4 0  |d 2013-10-14  |l 0  |r 2016-06-30 00:00:00  |w 2026-02-24